Dictionary of third world team
| Main Author: | |
|---|---|
| Format: | Book |
| Published: |
London :
I.B.Tauris&Co ,
1992
|
| Subjects: |
MARC
| LEADER | 00000cam a2200000 7i4500 | ||
|---|---|---|---|
| 001 | 0000005208 | ||
| 002 | 000005630 | ||
| 005 | 20000330.0 | ||
| 020 | |a 1850433461 | ||
| 090 | 0 | 0 | |a 413 |b HAD |
| 100 | 1 | |a Hadjor, Kofi Buenor | |
| 245 | 1 | 0 | |a Dictionary of third world team |c Kofi Buenor Hadjor |
| 260 | |a London : |b I.B.Tauris&Co , |c 1992 | ||
| 300 | |a 302p. ; |c 23cm. | ||
| 650 | 0 | 0 | |a Third world tewus |x Dictionarics |
| 999 | |a 030417 |b BUKU |c RUJUKAN |e PERPUSTAKAAN KOMUNITI PETALING JAYA | ||